Detalles MARC
| 000 -CABECERA |
| Longitud fija campo de control |
02010nam a2200397 c 4500 |
| 003 - • IDENTIFICADOR DELl NÚMERO DE CONTROL |
| Identificador del número de control |
CO-BoRNBP |
| 005 - • FECHA Y HORA DE LA ÚLTIMA TRANSACCIÓN |
| Fecha y hora de la última transacción |
20260320210603.0 |
| 007 - • CAMPO FIJO DE DESCRIPCIÓN FÍSICA |
| Campo fijo de descripción física |
ta |
| 008 - • CÓDIGOS DE INFORMACIÓN DE LONGITUD FIJA |
| Códigos de información de longitud fija |
210828r20162021ck ab er 000 0dspa d |
| 020 ## - • NÚMERO INTERNACIONAL NORMALIZADO PARA LIBROS |
| Número Internacional Normalizado para Libros (ISBN) |
9584264052 |
| 020 ## - • NÚMERO INTERNACIONAL NORMALIZADO PARA LIBROS |
| Número Internacional Normalizado para Libros (ISBN) |
9789584264053 |
| 040 ## - FUENTE DE LA CATALOGACIÓN |
| Centro catalogador de origen |
CO-BoRNBP |
| Lengua de catalogación |
spa |
| Normas de descripción |
rda |
| Centro transcriptor |
CO-BoRNBP |
| 041 1# - • CÓDIGO DE LENGUA |
| Código de lengua del texto/banda sonora o título independiente |
spa |
| Código de lengua original |
eng |
| 082 04 - • NÚMERO DE LA CLASIFICACIÓN DECIMAL DEWEY |
| Número de clasificación (R) |
918.616 |
| Número del ítem |
D18r |
| Número de edición |
22 |
| 100 10 - • PUNTO DE ACCESO PRINCIPAL-NOMBRE DE PERSONA |
| Nombre de persona |
Davis, Wade, |
| Fechas asociadas al nombre |
1953- |
| Término indicativo de función |
aut |
| 245 13 - • TITULO PROPIAMENTE DICHO |
| Título |
El río : |
| Resto del título |
exploraciones y descubrimientos en la selva amazónica / |
| Mención de responsabilidad, etc. |
Wade Davis ; traducción de Nicolás Suescún. |
| 250 ## - • MENCIÓN DE EDICIÓN |
| Mención de edición |
Primera edición, Quinta edición |
| 264 #1 - PRODUCCIÓN, PUBLICACIÓN , DISTRIBUCIÓN, FABRICACIÓN Y COPYRIGHT |
| Lugar de producción, publicación, distribución, fabricación |
Bogotá, Colombia : |
| Nombre del productor, editor, distribuidor, fabricante |
Editorial Planeta Colombiana, |
| Fecha de de producción, publicación, distribución, fabricación o copyright |
2021 |
| 300 ## - • DESCRIPCIÓN FÍSICA |
| Extensión |
644 páginas : |
| Otras características físicas |
ilustraciones, mapa en blanco y negro |
| 336 ## - TIPO DE CONTENIDO |
| Término de tipo de contenido |
texto |
| Código de tipo de contenido |
txt |
| Fuente |
rdacontent |
| 337 ## - TIPO DE MEDIO |
| Nombre del tipo de medio |
sin mediación |
| Código del tipo de medio |
n |
| Fuente |
rdamedia |
| 338 ## - TIPO DE SOPORTE |
| Nombre del tipo de soporte |
volumen |
| Código del tipo de soporte |
nc |
| Fuente |
rdacarrier |
| 490 0# - • MENCIÓN DE SERIE |
| Mención de serie |
Crítica |
| -- |
Historia mundo moderno |
| 500 ## - • NOTA GENERAL |
| Nota general |
El material correspondiente a la dotación PNLB 2022, la fecha de reimpresión es 2021 |
| 504 ## - • NOTA DE BIBLIOGRAFÍA, ETC |
| Nota de bibliografía, etc. |
Incluye referencias bibliográficas |
| 520 ## - • NOTA DE RESUMEN |
| Resumen, etc, |
En 1941 el profesor Richard Evans Schultes, quien después sería hasta el día de su muerte el director del Museo Botánico de Harvard, se internó en la selva amazónica donde pasó los siguientes doce años de su vida explorando ríos que no figuraban en los mapas, recolectando plantas desconocidas para la ciencia y estudiando la sabiduría y las costumbres de docenas de tribus indígenas de Ecuador, Perú, Brasil, Bolivia, Venezuela y, particularmente, Colombia |
| 521 ## - • NOTA DE PÚBLICO DESTINATARIO |
| Nota público destinatario (R ) |
Recomendado para un público adulto |
| 586 ## - • NOTA DE PREMIOS |
| Nota de premios |
Autor ganador del Premio de Ensayo Samuel Johnson |
| 650 17 - • PUNTO DE ACCESO ADICIONAL DE MATERIA - TÉRMINO DE MATERIA |
| Término de materia o nombre geográfico como elemento inicial |
Etnobotánica |
| Subdivisión geográfica |
Amazonas (Colombia) |
| Fuente del encabezamiento o término |
lemb |
| 650 17 - • PUNTO DE ACCESO ADICIONAL DE MATERIA - TÉRMINO DE MATERIA |
| Término de materia o nombre geográfico como elemento inicial |
Cocaína |
| Subdivisión geográfica |
Amazonas (Colombia) |
| Fuente del encabezamiento o término |
lemb |
| 650 17 - • PUNTO DE ACCESO ADICIONAL DE MATERIA - TÉRMINO DE MATERIA |
| Término de materia o nombre geográfico como elemento inicial |
Plantas alucinógenas |
| Subdivisión geográfica |
Amazonas (Colombia) |
| Fuente del encabezamiento o término |
lemb |
| 650 17 - • PUNTO DE ACCESO ADICIONAL DE MATERIA - TÉRMINO DE MATERIA |
| Término de materia o nombre geográfico como elemento inicial |
Plantas medicinales |
| Subdivisión geográfica |
Amazonas (Colombia) |
| Fuente del encabezamiento o término |
lemb |
| 700 10 - • PUNTO DE ACCESO ADICIONAL - NOMBRE DE PERSONA |
| Nombre de persona |
Suescún, Nicolás, |
| Fechas asociadas al nombre |
1937-2017 |
| Término indicativo de función |
trl |
| 942 ## - ENTRADA DE ELEMENTOS AGREGADOS (KOHA) |
| Fuente de clasificaión o esquema |
Dewey Decimal Classification |
| Koha [por defecto] tipo de item |
LIbro |
| Suppress in OPAC |
0 |